000 00823cam a2200241 4500
001 B750
008 090401t1987 xxu||||| |||| 00| 0 eng d
035 _a(Sirsi) u37687
041 _aeng
050 _a526.9028
110 _aInstitution of Mechanical Engineers
_9549
245 _aIndustrial application of non-contact measurement : joint Institution of Mechanical Engineers and RICS meeting 5 March 1987
260 _aLondon
_bRoyal Institution of Chartered Surveyors
_c1987
300 _a(40)p. : ill. ; 30cm.
350 _a0
520 _aPapers by Allan,A.L. ; Hutley,M.C. ; Parker,G.A. Karalus,B.J.S.
650 _aINDUSTRIAL PROCESSES
650 _aROBOTICS
650 _aTHEODOLITE INTERSECTION SYSTEMS
710 _aRoyal Institution of Chartered Surveyors
_94900
942 _n0
948 _c04/03/1997
999 _c90522
_d90522